|
|
|
|
| LEADER |
00000nam0a2200000 4500 |
| 001 |
368970 |
| 005 |
20231102012133.0 |
| 035 |
|
|
|a (RuTPU)RU\TPU\retro\26352
|
| 090 |
|
|
|a 368970
|
| 100 |
|
|
|a 20220426d1980 km y0rusy50 ca
|
| 101 |
0 |
|
|a rus
|
| 102 |
|
|
|a RU
|
| 105 |
|
|
|a a z 001zy
|
| 200 |
1 |
|
|a Ритмичность и эффективность работы горнорудных предприятий
|f И. Н. Школа, В. Л. Деркач
|
| 210 |
|
|
|a Москва
|c Недра
|d 1980
|
| 215 |
|
|
|a 123 с.
|c ил.
|
| 225 |
1 |
|
|a Конкретная экономика для горняков
|
| 320 |
|
|
|a Библиогр.: с. 125
|
| 606 |
1 |
|
|a Горная промышленность, предприятия
|x Организация производства
|x Производственный процесс
|2 stltpush
|3 (RuTPU)RU\TPU\subj\7498
|9 35132
|
| 610 |
1 |
|
|a ритмичность
|
| 610 |
1 |
|
|a экономическая эффективность
|
| 610 |
1 |
|
|a равномерность
|
| 610 |
1 |
|
|a сменность
|
| 610 |
1 |
|
|a технико-экономические показатели
|
| 610 |
1 |
|
|a экономико-математические модели
|
| 610 |
1 |
|
|a себестоимость
|
| 675 |
|
|
|a 622.012:658.5
|v 4
|
| 700 |
|
1 |
|a Школа
|b И. Н.
|g Игорь Николаевич
|
| 701 |
|
1 |
|a Деркач
|b В. Л.
|g Виктор Леонидович
|
| 801 |
|
1 |
|a RU
|b 63413507
|c 20220426
|
| 942 |
|
|
|c BK
|